Вопросы единой теории индексирования. Вып. 7: Методы построения классификаций и поисковых языков (Запись № 7897809)

Подробности
000 -МАРКЕР
контрольное поле 01646nam2a22002651 4500
001 - ИДЕНТИФИКАТОР ЗАПИСИ
контрольное поле rc\3601105
005 - ИДЕНТИФИКАТОР ВЕРСИИ
контрольное поле 20250610112651.0
035 ## - ДРУГИЕ СИСТЕМНЫЕ НОМЕРА
Идентификатор записи (NLR Aleph) 007877633
100 ## - ДАННЫЕ ОБЩЕЙ ОБРАБОТКИ
Данные общей обработки 20130115d1973 |||y0rusy50 ca
101 0# - ЯЗЫК РЕСУРСА
Язык текста, звукозаписи и т.д. русский
102 ## - СТРАНА ПУБЛИКАЦИИ ИЛИ ПРОИЗВОДСТВА
Страна публикации Российская Федерация
105 ## - ПОЛЕ КОДИРОВАННЫХ ДАННЫХ: ТЕКСТОВЫЕ МАТЕРИАЛЫ, МОНОГРАФИЧЕСКИЕ
Кодированные данные о монографическом текстовом документе a b |||||
200 1# - ЗАГЛАВИЕ И СВЕДЕНИЯ ОБ ОТВЕТСТВЕННОСТИ
Основное заглавие Методы построения классификаций и поисковых языков
210 ## - ПУБЛИКАЦИЯ, РАСПРОСТРАНЕНИЕ И ДР.
Дата издания, распространения и т.д. 1973
Место издания, распространения и т.д. Б. м.
215 ## - ФИЗИЧЕСКАЯ ХАРАКТЕРИСТИКА
Специфическое обозначение материала и объем 44 с.
Другие сведения о физической характеристике ил.
423 #0 - ИЗДАЕТСЯ В ОДНОЙ ОБЛОЖКЕ ВМЕСТЕ С ...
Встроенное поле 1010#$arus
-- 2001#$aФактографическая информационно-поисковая система с автоматической корректировкой терминов
-- 700#1$aГорькова$bВ.И.
-- 701#1$aПетрина$bА.М.
Заглавие Фактографическая информационно-поисковая система с автоматической корректировкой терминов
Автор Горькова, В.И.
423 #0 - ИЗДАЕТСЯ В ОДНОЙ ОБЛОЖКЕ ВМЕСТЕ С ...
Встроенное поле 1010#$arus
-- 2001#$aМатематическая модель межотраслевого классификатора
-- 700#1$aКусков$bВ.В.
-- 701#1$aХромов$bЛ.Н.
Заглавие Математическая модель межотраслевого классификатора
Автор Кусков, В.В.
461 #0 - УРОВЕНЬ НАБОРА
Встроенное поле 001rc\3536219
-- 2001#$aВопросы единой теории индексирования$vВып. 7
Системный номер (АБИС) связанной записи 5657274
Место публикации Б. м.
Дата публикации 1972
Имя издателя, распространителя и т.д. Б. и.
Физическая характеристика 38 с.
Заглавие Вопросы единой теории индексирования
Номер тома Вып. 7
700 #1 - ИМЯ ЛИЦА - ПЕРВИЧНАЯ ОТВЕТСТВЕННОСТЬ
Начальный элемент ввода Самков
Часть имени, кроме начального элемента ввода Л.М.
801 #0 - ИСТОЧНИК ЗАПИСИ
Страна Российская Федерация
Организация NLR
Правила каталогизации psbo
801 #1 - ИСТОЧНИК ЗАПИСИ
Страна Российская Федерация
Организация ELAR
Источник данных rusmarc
852 ## - МЕСТОНАХОЖДЕНИЕ И ШИФР ХРАНЕНИЯ
Идентификатор организации NLR
Шифр хранения (Call Number) 72-4/9332
942 ## - ДОПОЛНИТЕЛЬНЫЕ ЭЛЕМЕНТЫ ЗАПИСИ (АБИС)
Тип экземпляра АБИС Книга
980 ## - КОЛЛЕКЦИЯ
Название коллекции Национальная библиография
Экземпляры
Тип экземпляра Дата поступления Библиотека постоянного хранения Библиотека текущего хранения Место хранения Шифр хранения Штрих-код Статус экземпляра
Книга 26.10.2013 РНБ (Московский) РНБ (Московский) Русский книжный фонд: издания с 1957 года 72-4/9332 7877633-10